PC-DRIVEN LED DISPLAY (Record no. 2988)

MARC details
000 -LEADER
fixed length control field 00364nam a2200157Ia 4500
008 - FIXED-LENGTH DATA ELEMENTS--GENERAL INFORMATION
fixed length control field 221030s9999 xx 000 0 und d
041 ## - LANGUAGE CODE
Language code of text/sound track or separate title
082 ## - DEWEY DECIMAL CLASSIFICATION NUMBER
Classification number 105.23
100 ## - MAIN ENTRY--AUTHOR NAME
Personal name Ankush Vaid/238
245 #0 - TITLE STATEMENT
Title PC-DRIVEN LED DISPLAY
260 ## - PUBLICATION, DISTRIBUTION, ETC. (IMPRINT)
Place of publication Jammu
Year of publication 2001
650 ## - SUBJECT ADDED ENTRY--TOPICAL TERM
Topical Term Computers
700 ## - ADDED ENTRY--PERSONAL NAME
Personal name Pankaj Sharma/253
700 ## - ADDED ENTRY--PERSONAL NAME
Personal name Rimpi Magotra/246
942 ## - ADDED ENTRY ELEMENTS (KOHA)
Koha item type Thesis
Holdings
Accession Number Full call number Price effective from Koha item type Withdrawn / writtenoff status Materials specified (bound volume or other part) Damaged status Not for loan Permanent Location Current Location Shelving location Date acquired Lost/ Missing status department
MIP-31 105.23 10/30/2022 Thesis   Print     MIET Library, Jammu MIET Library, Jammu BL-Block-b, FL-1, CUP-87, SH-2, R-2 07/28/2007